00688nam a22002297a 4500003000200000005001700002008000200019010001300021020002200034035002300056037001600079040001500095082001500110245006800125260004100193270007800234300002500312500004000337650004800377650001500425700001800440020180803112754.00 aB-224890 c00.00a8178296357 aB-224890, B-224891 bCen Lib/Ret aDPLbENc0 a070.4bKEY aKey concepts in journalism studies /cby Bob Franklin...[et al] aNew DelhibVistar Publicationsc2006 aB1/11, Mohan Cooperative Industrial Area, Mathura RoadbNew Delhie110044 axix,362p. c22cm(Hb) aIncludes bibliographical references aJournalistes -- Associations -- Repertoires aJournalism aFranklin, Bob